Damson Idris Filmography - Statistics

General Stats
  • This quiz has been taken 12 times
    8 since last reset
  • The average score is 7 of 27
Answer Stats
Type Year Name % Correct
Film 2025 F1: The Movie
100%
TV Show 2017-2023 Snowfall
60%
Web Series 2023 Swarm
60%
Film 2027 Children of Blood and Bone
40%
Film TBA Miles & Juliette
40%
Film 2018 Astral
20%
TV Mini-Series 2014 Babylon
20%
Music Video 2019 Black
20%
Web Series 2019 Black Mirror
20%
TV Show 2015 Casualty
20%
Film 2016 City of Tiny Lights
20%
TV Show 2015 Doctors
20%
Film 2018 Farming
20%
Theater 2013 Ghost Town
20%
Short Film 2011 Hiding in the Light
20%
Theater 2014 Hotel
20%
Theater 2012 Khadija Is 18
20%
Film 2017 Megan Leavey
20%
TV Show 2013 Miranda
20%
Film 2012 My Brother the Devil
20%
Film 2021 Outside the Wire
20%
Theater 2012 Pandora's Box
20%
Video Game 2026 Squadron 42
20%
Film 2018 The Commuter
20%
Theater 2013 The DugOut
20%
TV Show 2014 The Missing
20%
Web Series 2019 The Twilight Zone
20%
No matching quizzes found
Score Distribution
Percent of People with Each Score
Percentile by Number Answered
Your Score History
You have not taken this quiz since the last reset